[Event "Rome Lazio op 2nd"]
[Site "Rome"]
[Date "2014.01.06"]
[Round "7"]
[White "Stirpe, Claudio"]
[Black "Lanzani, Mario"]
[Result "1/2-1/2"]
[WhiteElo "2037"]
[BlackElo "2305"]
[PlyCount "53"]
[EventDate "2014.01.02"]
[EventType "swiss"]
[EventRounds "7"]
[EventCountry "ITA"]
[SourceTitle "EXT 2015"]
[Source "ChessBase"]
[SourceDate "2014.11.20"]
[SourceVersion "1"]
[SourceVersionDate "2014.11.20"]
[SourceQuality "1"]

1. d4 d5 2. c4 dxc4 3. e4 Nc6 4. Nf3 Bg4 5. Be3 Nf6 6. Nc3 Bxf3 7. gxf3 e5 8. d5 Ne7 9. Bxc4 a6 10. a4 Ng6 11. Qb3 Bd6 12. 0-0-0 0-0 13. Bg5 h6 14. Be3 b6 15. h4 Nh5 16. Rdg1 Ngf4 17. Ne2 Nxe2+ 18. Bxe2 Kh7 19. Qc3 g6 20. f4 Nxf4 21. Bxf4 exf4 22. h5 Qe7 23. hxg6+ fxg6 24. Rxh6+ Kxh6 25. Rh1+ Kg5 26. Rg1+ Kh6 27. Rh1+ 1/2-1/2

[Event "Terre degli Elimi op 4th"]
[Site "Erice"]
[Date "2013.07.26"]
[Round "4"]
[White "Stirpe, Claudio"]
[Black "Konijn, Rob"]
[Result "1-0"]
[WhiteElo "2029"]
[BlackElo "1974"]
[PlyCount "51"]
[EventDate "2013.07.24"]
[EventType "swiss"]
[EventRounds "7"]
[EventCountry "ITA"]
[SourceTitle "EXT 2015"]
[Source "ChessBase"]
[SourceDate "2014.11.20"]
[SourceVersion "1"]
[SourceVersionDate "2014.11.20"]
[SourceQuality "1"]

1. d4 d5 2. c4 c6 3. Nf3 Nf6 4. Nc3 e6 5. e3 Nbd7 6. Qc2 Bd6 7. g4 dxc4 8. g5 Nd5 9. Bxc4 0-0 10. Ne4 Be7 11. a3 b6 12. h4 Bb7 13. Bd2 Rc8 14. Bc3 c5 15. Ba2 cxd4 16. Nxd4 Nxc3 17. bxc3 Qc7 18. 0-0 Qe5 19. Bb1 g6 20. Rc1 Nc5 21. Ng3 h6 22. h5 Qxg5 23. hxg6 f5 24. Ba2 Qxg6 25. Ndxf5 Bf6 26. Ne7+ 1-0

[Event "Florence op 6th"]
[Site "Florence"]
[Date "2012.11.03"]
[Round "4"]
[White "Stirpe, Claudio"]
[Black "Efimov, Igor"]
[Result "0-1"]
[WhiteElo "1995"]
[BlackElo "2406"]
[PlyCount "92"]
[EventDate "2012.11.01"]
[EventType "swiss"]
[EventRounds "7"]
[EventCountry "ITA"]
[SourceTitle "EXT 2014"]
[Source "ChessBase"]
[SourceDate "2013.11.20"]
[SourceVersion "1"]
[SourceVersionDate "2013.11.20"]
[SourceQuality "1"]

1. d4 d6 2. c4 e5 3. dxe5 dxe5 4. Qxd8+ Kxd8 5. Nc3 Be6 6. b3 c6 7. Bb2 Nd7 8. g3 f6 9. Bh3 Bxh3 10. Nxh3 Kc7 11. 0-0-0 Nh6 12. a3 a5 13. Kc2 Be7 14. Ne4 Nf7 15. Bc1 g5 16. Rhf1 h5 17. Ng1 f5 18. Nc3 Nc5 19. Nf3 Ne6 20. e3 h4 21. Bb2 e4 22. Nd4 Nxd4+ 23. exd4 g4 24. d5 Rh6 25. dxc6 bxc6 26. Ne2 Bf6 27. Nd4 Bxd4 28. Bxd4 h3 29. Be3 Re6 30. Bf4+ Ne5 31. Rd2 Kb6 32. Bxe5 Rxe5 33. Re1 Rf8 34. Rde2 Rd8 35. Rd2 Rd3 36. Re3 Rxd2+ 37. Kxd2 Kc5 38. Kc3 Re7 39. b4+ axb4+ 40. axb4+ Kd6 41. Re2 Ra7 42. Rd2+ Kc7 43. Kb2 Ra4 44. b5 Rb4+ 45. Ka1 Rxc4 46. bxc6 Rc1+ 0-1

[Event "Florence op"]
[Site "Florence"]
[Date "2012.10.05"]
[Round "1"]
[White "Dvirnyy, Danyyil"]
[Black "Stirpe, Claudio"]
[Result "1-0"]
[WhiteElo "2492"]
[BlackElo "2004"]
[PlyCount "93"]
[EventDate "2012.10.05"]
[EventType "swiss"]
[EventRounds "5"]
[EventCountry "ITA"]
[SourceTitle "CBM 150 Extra"]
[Source "ChessBase"]
[SourceDate "2012.10.19"]
[SourceVersion "1"]
[SourceVersionDate "2012.10.19"]
[SourceQuality "1"]

1. e4 c5 2. Nf3 d6 3. d4 cxd4 4. Nxd4 Nf6 5. Nc3 g6 6. f4 Nc6 7. Nf3 Bg7 8. Bd3 Qb6 9. h3 0-0 10. Qe2 Rd8 11. Qf2 Qxf2+ 12. Kxf2 d5 13. e5 Ne8 14. Bd2 Nb4 15. Nb5 Nxd3+ 16. cxd3 b6 17. Rac1 Ba6 18. Nfd4 f6 19. Rhe1 Bxb5 20. Nxb5 a6 21. Nd4 Rdc8 22. Rc6 Rxc6 23. Nxc6 fxe5 24. fxe5 e6 25. Be3 b5 26. Bb6 Bf8 27. Rc1 Ng7 28. g4 Kf7 29. Nd8+ Ke8 30. Nb7 Be7 31. Rc7 Kf8 32. Bc5 Re8 33. Bd6 Kf7 34. Ke3 h5 35. Kd4 hxg4 36. hxg4 Kf8 37. Kc3 g5 38. Kb4 Nf5 39. gxf5 exf5 40. Nc5 g4 41. Ne6+ Kf7 42. Nf4 g3 43. Kc5 Kf8 44. Rxe7 Rxe7 45. Kxd5 Kf7 46. Bxe7 Kxe7 47. d4 1-0

[Event "Rome Accademia Inverno op"]
[Site "Rome"]
[Date "2011.02.11"]
[Round "1"]
[White "Stirpe, Claudio"]
[Black "Paragliola, Gennaro"]
[Result "1-0"]
[WhiteElo "2004"]
[BlackElo "1603"]
[PlyCount "65"]
[EventDate "2011.02.11"]
[EventType "swiss"]
[EventRounds "5"]
[EventCountry "ITA"]
[SourceTitle "EXT 2023"]
[Source "ChessBase"]
[SourceDate "2022.10.05"]
[SourceVersion "1"]
[SourceVersionDate "2022.10.05"]
[SourceQuality "1"]

1. d4 Nf6 2. c4 d6 3. Nc3 g6 4. e4 Bg7 5. f3 e5 6. Nge2 exd4 7. Nxd4 0-0 8. Be3 Bd7 9. Be2 Nc6 10. 0-0 Re8 11. Rc1 h6 12. Nd5 Nh7 13. Nb5 Rc8 14. Qd2 a6 15. Nbxc7 Rxc7 16. Bb6 Bd4+ 17. Bxd4 Nxd4 18. Qxd4 Rc8 19. Rfd1 Qg5 20. Qd2 Qe5 21. Nb6 Rcd8 22. Nxd7 Rxd7 23. c5 d5 24. Bc4 d4 25. Bd5 Nf6 26. Qxd4 Qg5 27. Qd2 Qe5 28. Rc3 Red8 29. Rd3 Kg7 30. b4 Nh5 31. g3 f6 32. a4 f5 33. Qc3 1-0

[Event "Rome Accademia Autunno op"]
[Site "Rome"]
[Date "2006.10.21"]
[Round "3"]
[White "Stirpe, Claudio"]
[Black "Wollenweber, Carsten"]
[Result "1/2-1/2"]
[WhiteElo "1909"]
[BlackElo "2156"]
[PlyCount "156"]
[EventDate "2006.10.20"]
[EventType "swiss"]
[EventRounds "5"]
[EventCountry "ITA"]
[SourceTitle "EXT 2023"]
[Source "ChessBase"]
[SourceDate "2022.10.05"]
[SourceVersion "1"]
[SourceVersionDate "2022.10.05"]
[SourceQuality "1"]

1. d4 d5 2. c4 Nc6 3. Nf3 Bg4 4. Nc3 e6 5. cxd5 exd5 6. Bf4 Bb4 7. e3 Nge7 8. Be2 0-0 9. h3 Bh5 10. Rc1 Bd6 11. Bxd6 Qxd6 12. 0-0 f5 13. Qb3 Kh8 14. Nb5 Qd7 15. Ne5 Nxe5 16. Rxc7 Bxe2 17. Rxd7 Nxd7 18. Re1 Bc4 19. Qa3 Bxb5 20. Qxe7 Rae8 21. Qd6 Bc6 22. Rc1 Nf6 23. Qc5 a6 24. Qc2 Ne4 25. b3 f4 26. exf4 Rxf4 27. Rf1 Bb5 28. Qc7 Ref8 29. Rc1 Bc6 30. f3 R4f7 31. Rxc6 Rxc7 32. Rxc7 Nd6 33. Rd7 Nb5 34. Rxd5 Nc3 35. Rd7 b5 36. Ra7 Nxa2 37. Rxa6 Nc1 38. b4 Ne2+ 39. Kf2 Nxd4 40. Rd6 Nc2 41. Rb6 Na3 42. Rb7 Rd8 43. Ke2 Kg8 44. Ra7 Nc2 45. Rb7 Rd5 46. Rb8+ Kf7 47. Rb7+ Kf6 48. Rb6+ Ke7 49. Rb7+ Rd7 50. Rb6 Kd8 51. Kf2 Rd2+ 52. Kg3 Nd4 53. Rb7 Kc8 54. Rf7 Ne2+ 55. Kf2 Nc3+ 56. Ke3 Rd7 57. Rxd7 Kxd7 58. Kd4 Na4 59. Kd5 Ke7 60. f4 Kd7 61. g4 g6 62. h4 h6 63. f5 gxf5 64. gxf5 Nc3+ 65. Kd4 Na2 66. Kc5 Ke7 67. Kxb5 Kf6 68. Kc5 Nxb4 69. Kxb4 Kxf5 70. Kc3 Kg4 71. h5 Kxh5 72. Kd2 Kg4 73. Ke1 Kg3 74. Kf1 Kh2 75. Kf2 h5 76. Kf1 h4 77. Kf2 h3 78. Kf1 Kg3 1/2-1/2